[Event "CRO-ch U13 Girls"]
[Site "Trogir"]
[Date "2019.06.21"]
[Round "8"]
[White "Trglavcnik, Lana"]
[Black "Kovac, Petra"]
[Result "0-1"]
[WhiteElo "1768"]
[BlackElo "1398"]
[PlyCount "122"]
[EventDate "2019.06.17"]
[EventType "swiss"]
[EventRounds "9"]
[EventCountry "CRO"]
[SourceTitle "EXT 2020"]
[Source "ChessBase"]
[SourceDate "2019.10.17"]
[SourceVersion "1"]
[SourceVersionDate "2019.10.17"]
[SourceQuality "1"]

1. e4 e5 2. Nf3 Nc6 3. d4 exd4 4. Nxd4 Nf6 5. Nc3 Bb4 6. f3 d6 7. Bb5 Bd7 8. Bxc6 Bxc6 9. 0-0 0-0 10. Bd2 Bc5 11. Be3 Qe7 12. Kh1 Bd7 13. Re1 Rad8 14. Qd3 Rfe8 15. Ndb5 Bxb5 16. Nxb5 Bb6 17. Bxb6 axb6 18. Nc3 Qe5 19. Rad1 d5 20. Qd4 Qxd4 21. Rxd4 dxe4 22. Rxd8 Rxd8 23. Nxe4 Nxe4 24. fxe4 Re8 25. h3 f5 26. e5 Kf7 27. Kh2 Ke6 28. Kg3 Rd8 29. Re2 g5 30. h4 h6 31. hxg5 hxg5 32. Kf3 Rd5 33. g4 Rxe5 34. gxf5+ Kxf5 35. Rxe5+ Kxe5 36. Kg4 Kf6 37. a3 b5 38. b4 b6 39. c3 c6 40. Kg3 Kf5 41. Kf3 g4+ 42. Kg3 Kg5 43. Kg2 Kf4 44. Kf2 g3+ 45. Kg2 Kg4 46. Kg1 Kf3 47. Kf1 c5 48. bxc5 bxc5 49. c4 bxc4 50. a4 c3 51. Ke1 g2 52. Kd1 g1Q+ 53. Kc2 Qa1 54. Kb3 Qb2+ 55. Kc4 c2 56. Kxc5 c1Q+ 57. Kd5 Qbd2+ 58. Ke5 Qce1+ 59. Kf5 Qf4+ 60. Kg6 Qg1+ 61. Kh7 Qh4# 0-1